<?xml version="1.0" encoding="UTF-8"?>
<collection xmlns:xsi="http://www.w3.org/2001/XMLSchema-instance" xsi:schemaLocation="http://www.loc.gov/MARC21/slim http://www.loc.gov/standards/marcxml/schema/MARC21slim.xsd" xmlns="http://www.loc.gov/MARC21/slim">
 <record>
  <leader>00000cmm a22000004a 4500</leader>
  <controlfield tag="001">UP-99796217611212275</controlfield>
  <controlfield tag="003">Buklod</controlfield>
  <controlfield tag="005">20230215085534.0</controlfield>
  <controlfield tag="006">m    go  j        </controlfield>
  <controlfield tag="007">cr |nu|||auu|a</controlfield>
  <controlfield tag="008">101029s2011    xxu        u |      eng d</controlfield>
  <datafield tag="020" ind1=" " ind2=" ">
   <subfield code="a">97814419687-8 (eBook)</subfield>
  </datafield>
  <datafield tag="035" ind1=" " ind2=" ">
   <subfield code="a">(iLib)UPD-00215704030</subfield>
  </datafield>
  <datafield tag="040" ind1=" " ind2=" ">
   <subfield code="a">DLC</subfield>
   <subfield code="d">DML</subfield>
  </datafield>
  <datafield tag="041" ind1="0" ind2=" ">
   <subfield code="a">eng</subfield>
  </datafield>
  <datafield tag="042" ind1=" " ind2=" ">
   <subfield code="a">DMLUC</subfield>
  </datafield>
  <datafield tag="084" ind1=" " ind2=" ">
   <subfield code="a">QA 1</subfield>
   <subfield code="b">A647 v.172eb</subfield>
  </datafield>
  <datafield tag="100" ind1="1" ind2=" ">
   <subfield code="a">Broer, Henk</subfield>
  </datafield>
  <datafield tag="245" ind1="1" ind2="0">
   <subfield code="a">Dynamical systems and chaos</subfield>
   <subfield code="h">[electronic resource]</subfield>
   <subfield code="c">by Henk Broer, Floris Takens.</subfield>
  </datafield>
  <datafield tag="250" ind1=" " ind2=" ">
   <subfield code="a">1st ed.</subfield>
  </datafield>
  <datafield tag="264" ind1=" " ind2="1">
   <subfield code="a">New York</subfield>
   <subfield code="b">Springer</subfield>
   <subfield code="c">c2011</subfield>
  </datafield>
  <datafield tag="300" ind1=" " ind2=" ">
   <subfield code="a">1 online resource (xvi, 313 p.)</subfield>
   <subfield code="b">ill.</subfield>
  </datafield>
  <datafield tag="490" ind1="0" ind2=" ">
   <subfield code="a">Applied Mathematical Sciences</subfield>
  </datafield>
  <datafield tag="505" ind1="0" ind2=" ">
   <subfield code="a">Examples and definitions of dynamical phenomena -- Qualitative properties and predictability of evolutions -- Persistence of dynamical properties -- Global structure of dynamical systems -- On KAM Theory -- Reconstruction and time series analysis.</subfield>
  </datafield>
  <datafield tag="506" ind1=" " ind2=" ">
   <subfield code="a">IP-based subscription, access limited to within on campus computer network.</subfield>
   <subfield code="c">Access via Electronic Resources  of the UPD University Library Website.</subfield>
  </datafield>
  <datafield tag="520" ind1=" " ind2=" ">
   <subfield code="a">Over the last four decades there has been extensive development in the theory of dynamical systems. This book starts from the phenomenological point of view reviewing examples. Hence the authors discuss oscillators, like the pendulum in many variation including damping and periodic forcing , the Van der Pol System, the Henon and Logistic families, the Newton algorithm seen as a dynamical system and the Lorenz and Rossler system are also discussed. The phenomena concern equilibrium, periodic, multi- or quasi-periodic and chaotic dynamic dynamics as these occur in all kinds of modeling and are met both in computer simulations and in experiments. The application areas vary from celestial mechanics and economical evolutions to population dynamics and climate variability. The book is aimed at a broad audience of students and researchers. The first four chapters have been used for an undergraduate course in Dynamical Systems and material from the last two chapters and from the appendices has been used for master and PhD courses by the authors. All chapters conclude with an exercise section. One of the challenges is to help applied researchers acquire background for a better understanding of the data that computer simulation or experiment may provide them with the development of the theory. Henk Broer and Floris Takens, professors at the Institute for Mathematics and Computer Science of the University of Groningen, are leaders in the field of dynamical systems. They have published a wealth of scientific papers and books in this area and both authors are members of the Royal Netherlands Academy of Arts and Sciences (KNAW).</subfield>
  </datafield>
  <datafield tag="533" ind1=" " ind2=" ">
   <subfield code="a">Electronic reproduction.</subfield>
   <subfield code="b">New York</subfield>
   <subfield code="c">SpringerLink</subfield>
   <subfield code="d">2011.</subfield>
   <subfield code="n">Available via World Wide Web through SpringerLink.</subfield>
  </datafield>
  <datafield tag="650" ind1=" " ind2="0">
   <subfield code="a">Differentiable dynamical systems.</subfield>
  </datafield>
  <datafield tag="650" ind1=" " ind2="0">
   <subfield code="a">Chaotic behavior in systems.</subfield>
  </datafield>
  <datafield tag="700" ind1="1" ind2=" ">
   <subfield code="a">Takens, Floris.</subfield>
  </datafield>
  <datafield tag="710" ind1="2" ind2=" ">
   <subfield code="a">SpringerLink (Online service).</subfield>
  </datafield>
  <datafield tag="842" ind1=" " ind2=" ">
   <subfield code="a">Electronic Resource</subfield>
  </datafield>
  <datafield tag="856" ind1="4" ind2="0">
   <subfield code="y">Available for University of the Philippines Diliman via SpringerLink. Click here to access</subfield>
   <subfield code="u">http://link.springer.com/book/10.1007/978-1-4419-6870-8</subfield>
  </datafield>
  <datafield tag="905" ind1=" " ind2=" ">
   <subfield code="a">FO</subfield>
  </datafield>
  <datafield tag="950" ind1=" " ind2=" ">
   <subfield code="a">Monograph</subfield>
  </datafield>
  <datafield tag="852" ind1="0" ind2=" ">
   <subfield code="a">UPD</subfield>
   <subfield code="b">DMLR</subfield>
  </datafield>
  <datafield tag="942" ind1=" " ind2=" ">
   <subfield code="a">Electronic Resource</subfield>
  </datafield>
 </record>
</collection>
